000
00270nam a22001217a 4500
008
180207b xxu||||| |||| 00| 0 eng d
041
_a
eng
080
_a
51
100
_a
36
101
_a
MAT
245
_a
Using& understanding mathematics
_c
Bennett,J
942
_2
udc
_c
BK
999
_c
41998
_d
41998